1689 1365 1817 1877 1985 1172 1314 1672 1877 1641 1087 1173 1954 1335 1188 1303 1205 1044 1743 1050 1166 1946 1560 1651 1496 1637 1515 1140 1671 1508 1656 1737 1479 1884 1702 1950 1157 1348 1512 1154 1291 1592 1601 1275 1207 1132 1593 1726 1650 1294 1544 1219 1138 1418 1566 1658 1364 1663 1982 1238 1720 1053 1239 1385 1387 1240 1923 1632 1026 1710 1623 1449 1618 1953 1050 1789 1560 1084 1621 1688 1148 1940 1386 1131 1622 1005 1209 1232 1567 1426 1375 1388 1057 1734 1942 1687 1348 1161 1198 BCNSPRNW ULIB Ver.6.0+V

เปลี่ยนเป็นภาษาไทย

Change to English
 แสดงรายละเอียดบรรณานุกรม
  กลับหน้าหลัก

Brief Record : Get Marc (ISO 2709) : E-mail record : QR code < ปิดหน้าต่าง
LEADER : 00000nam 2200000uu 4500
001    13399112056
003     ULIB
008    110725s2550||||th 000 0 tha d
020    9789748349046
050  4 H62^bส852ร 2550
100 0  สุชาต ประสิทธิ์รัฐสินธุ์
245 10 ระเบียบวิธีการวิจัยทางสังคมศาสตร์ /^cสุชาต ประสิทธิ์รัฐสินธุ์
250    พิมพ์ครั้งที่ 14
260    [กรุงเทพฯ] :^bเฟื่องฟ้า,^c2550
300    xxvi, 640 หน้า
650  7 สังคมศาสตร์^vวิจัย
945    ^p550^l0^i021422
945    ^p550^l0^i021423
995    ทศพร
999 ^a ทศพร
รายการนี้ยังไม่มีแท็ก
คุณยังไม่ได้ล็อกอิน คุณสามารถมีกิจกรรมร่วมกับเว็บไซต์ได้ แต่ต้องล็อกอินก่อน ::
  ล็อกอิน

รายการสื่อสารสนเทศ

ลำดับที่ ประเภท เลขเรียก/บาร์โค้ด สถานที่ สถานะ
- ไม่พบข้อมูล -

รายการใกล้เคียง
    ผู้แต่ง [สุชาต ประสิทธิ์รัฐสินธุ์]

BibComment


ยังไม่เคยถูกคอมเมนท์

คอมเมนท์ทรัพยากรรายการนี้
  คอมเมนท์: ระเบียบวิธีการวิจ..


 Copyright 2026. Bcnsprnw @Library